<?xml version="1.0" encoding="UTF-8"?>
<collection xmlns="http://www.loc.gov/MARC21/slim">
  <record>
    <leader>00000nam  2200000   4500</leader>
    <controlfield tag="001">$a INLIS000000000008378</controlfield>
    <controlfield tag="005">$a 20260604094754</controlfield>
    <controlfield tag="008">$a 260604###########################0#ind##</controlfield>
    <datafield tag="022" ind1="#" ind2="#">
      <subfield code="a">978-979-25-4699-6</subfield>
    </datafield>
    <datafield tag="035" ind1="#" ind2="#">
      <subfield code="a">0010-0626000005</subfield>
    </datafield>
    <datafield tag="082" ind1="#" ind2="#">
      <subfield code="a">612</subfield>
    </datafield>
    <datafield tag="084" ind1="#" ind2="#">
      <subfield code="a">612 DIG s</subfield>
    </datafield>
    <datafield tag="100" ind1=" " ind2="#">
      <subfield code="a">Digi Familia</subfield>
    </datafield>
    <datafield tag="245" ind1="#" ind2="#">
      <subfield code="a">Seluk Beluk &amp; Fakta Disfungsi Seksual</subfield>
      <subfield code="b">wajib anda ketahui</subfield>
      <subfield code="c">Digi Familia (Penulis)</subfield>
    </datafield>
    <datafield tag="246" ind1="#" ind2="#">
      <subfield code="a"/>
    </datafield>
    <datafield tag="260" ind1="#" ind2="#">
      <subfield code="a">Jogjakarta</subfield>
      <subfield code="b">Ar-Ruzz Media Grup</subfield>
      <subfield code="c">2010</subfield>
    </datafield>
    <datafield tag="300" ind1="#" ind2="#">
      <subfield code="a">165 hlm</subfield>
      <subfield code="b">-</subfield>
      <subfield code="c">21 cm</subfield>
      <subfield code="d"/>
    </datafield>
    <datafield tag="336" ind1="#" ind2="#">
      <subfield code="a"/>
    </datafield>
    <datafield tag="337" ind1="#" ind2="#">
      <subfield code="a"/>
    </datafield>
    <datafield tag="338" ind1="#" ind2="#">
      <subfield code="a"/>
    </datafield>
    <datafield tag="520" ind1=" " ind2="#">
      <subfield code="a"/>
    </datafield>
    <datafield tag="650" ind1=" " ind2="#">
      <subfield code="a">Kesehatan</subfield>
    </datafield>
    <datafield tag="700" ind1=" " ind2="#">
      <subfield code="a"/>
    </datafield>
    <datafield tag="740" ind1="#" ind2="#">
      <subfield code="a"/>
    </datafield>
    <datafield tag="856" ind1="#" ind2="#">
      <subfield code="a"/>
    </datafield>
    <controlfield tag="Wor">$a 1</controlfield>
  </record>
</collection>
